एक युग प्रवर्तक भिक्षु / (Record no. 198181)
[ view plain ]
| 000 -LEADER | |
|---|---|
| fixed length control field | 01081nam a22001817a 4500 |
| 005 - DATE AND TIME OF LATEST TRANSACTION | |
| control field | 20230915124057.0 |
| 010 ## - LCCN (DPL NO) | |
| LC control number | B-755786 |
| 020 ## - INTERNATIONAL STANDARD BOOK NUMBER | |
| International Standard Book Number | 9788123794266 |
| Terms of availability | 570.00 |
| 035 ## - SYSTEM CONTROL NUMBER | |
| System control number | B-755786 |
| 082 ## - DEWEY DECIMAL CLASSIFICATION NUMBER | |
| Edition number | 2021 |
| Classification number | 921 |
| Item number | 1 |
| 100 ## - MAIN ENTRY--PERSONAL NAME | |
| Personal name | शक्स्पो , वंग्चुक शक्स्पो |
| 245 ## - TITLE STATEMENT | |
| Title | एक युग प्रवर्तक भिक्षु / |
| Remainder of title | कुशल बकुला रिनपोछे एक जीवनी ; |
| Statement of responsibility, etc | सोनम वांगचुक शक्स्पो |
| 260 ## - PUBLICATION, DISTRIBUTION, ETC. (IMPRINT) | |
| Place of publication, distribution, etc | नई दिल्ली |
| Name of publisher, distributor, etc | रास्ट्रीय पुस्तक न्यास , भारत |
| Date of publication, distribution, etc | 2021 |
| 270 ## - ADDRESS | |
| Address | नेहरु भवन 5 , वसन्त कुंज इंस्टीट्यूटएरिया , फेज 2, वसंत कुंज |
| City | नई दिल्ली |
| Postal code | 110070 |
| 300 ## - PHYSICAL DESCRIPTION | |
| Extent | 545पृ. |
| Other physical details | 20सेमी (अजिल्द) |
| 942 ## - ADDED ENTRY ELEMENTS (KOHA) | |
| Source of classification or shelving scheme | Dewey Decimal Classification |
| Item type | Hindi Books |
| Edition | 2021 |
| Classification part | 921 |
| Call number suffix | शक्स्पो |
No items available.
